| 000 | 00764nam a22002057a 4500 | ||
|---|---|---|---|
| 999 |
_c19599 _d19599 |
||
| 003 | AR-CdUCM | ||
| 008 | 190518b ||||| |||| 00| 0 spa d | ||
| 040 |
_aMUNICIPALIDAD PROVINCIAL DEL CUSCO _cBIBLIOTECA MUNICIPAL DEL CUSCO |
||
| 082 |
_a348.6 / _bR41 |
||
| 100 |
_aRendón Vásquez, Jorge _99924 |
||
| 245 |
_aDerecho del trabajo : _brelaciones individuales en la actividad privada / |
||
| 260 |
_aLima : _bTárpuy, _c1991. |
||
| 300 |
_a508 páginas ; _c20 cm. |
||
| 505 | _aContenido: Noción y formación del contrato de trabajo -- Duración del contrato laboral -- Las partes en el contrato de trabajo... | ||
| 650 |
_aDerecho laboral _95297 |
||
| 650 |
_aLegislación _92962 |
||
| 650 |
_aPerú _935 |
||
| 942 |
_2ddc _cLIBROS |
||
| 945 |
_adavv _d2019-05-18 |
||